Grundriss der statistik, (Record no. 35655)

MARC details
000 -LEADER
fixed length control field 00578cam a22002051 4500
001 - CONTROL NUMBER
control field l 22000287
003 - CONTROL NUMBER IDENTIFIER
control field DLC
005 - DATE AND TIME OF LATEST TRANSACTION
control field 20260227111528.0
008 - FIXED-LENGTH DATA ELEMENTS--GENERAL INFORMATION
fixed length control field 760409s1921 gw 000 0 ger c
010 ## - LIBRARY OF CONGRESS CONTROL NUMBER
LC control number l 22000287
035 ## - SYSTEM CONTROL NUMBER
System control number (OCoLC)2104813
040 ## - CATALOGING SOURCE
Original cataloging agency Library, U.S. Dept. of Labor
Transcribing agency NNU
Modifying agency OCoLC
-- DLC
042 ## - AUTHENTICATION CODE
Authentication code premarc
050 00 - LIBRARY OF CONGRESS CALL NUMBER
Classification number HA29
Item number .Z5
100 1# - MAIN ENTRY--PERSONAL NAME
Personal name Zizek, Franz,
Dates associated with a name 1876-
245 10 - TITLE STATEMENT
Title Grundriss der statistik,
Statement of responsibility, etc. von Franz Žižek ...
260 ## - PUBLICATION, DISTRIBUTION, ETC.
Place of publication, distribution, etc. München,
-- Leipzig,
Name of publisher, distributor, etc. Duncker & Humblot,
Date of publication, distribution, etc. 1921.
300 ## - PHYSICAL DESCRIPTION
Extent vii, 470 p.
Dimensions 26 cm.
650 #0 - SUBJECT ADDED ENTRY--TOPICAL TERM
Topical term or geographic name entry element Statistics.

No items available.

Powered by Koha